000 00972nam a22002537a 4500
005 20170124102946.0
010 _aB-091639
020 _c200.00
_a8188459062
035 _aB-091639
037 _bCen Lib/Ret
040 _aDPL
_bHN
082 _a821
_bलल्लन
100 _aलल्लन, बी.ए.
_949871
245 _aकवितायेँ /
_cबी.ए.लल्लन
246 _aKavitayen /
_bby B.A.Lallan
260 _aदिल्ली
_bशुभदा प्रकाशन
_c2005
270 _bदिल्ली
_a1/11052-ए, सुभाष पार्क, शाहदरा
_e110032
300 _a199पृ.
_c21सेमी (सजिल्द)
650 _aहिन्दी -- साहित्य
_949872
650 _aहिन्दी -- कवितायेँ
_949873
650 _aHindi -- literature
_949874
650 _aHindi - Verses
_949875
942 _2ddc
_cHN
_h821
_mलल्लन
999 _c112951
_d112951